| 000 | 00679nab a2200253 a 4500 | ||
|---|---|---|---|
| 001 | 29587 | ||
| 003 | 95097 | ||
| 005 | 20201118100641.0 | ||
| 008 | ||||||n9999 ||| || || | ||
| 041 | _aspa | ||
| 100 | _aJohnston, Michael | ||
| 245 | 0 | _aConflicto historico y ascenso de las normas | |
| 260 |
_aMéxico : _bUniversidad Nacional Autónoma de México, _c1996. |
||
| 300 | _app.191-203 | ||
| 562 | _e0 | ||
| 650 | _aANÁLISIS DE CASOS | ||
| 650 | _aCORRUPCIÓN | ||
| 650 | _aESTADOS UNIDOS | ||
| 650 | _aINGLATERRA | ||
| 650 | _aORDEN PÚBLICO | ||
| 650 | _aRÉGIMEN ÉTICO | ||
| 773 |
_029569 _aEl resurgimiento global de la democracia |
||
| 942 | _cANADO | ||
| 999 |
_c29587 _d29587 |
||